Quizzes
Events
Quiz Creation
Community
Videos
Private Events
Remove Ads
Sign In
Join for FREE
Feedback
Dark Mode
Quiz Categories
Sports
Geography
Music
Movies
Television
Just For Fun
Miscellaneous
History
Literature
Language
Science
Gaming
Entertainment
Religion
Holiday
For Kids
Quiz Lab
Recent
Popular Today
Quiz Kudos Today
Editor Picks
Curator Picks
Quizzes by...
Day
Popularity
Type
Ratings
Length
Year
Community
Subscriptions
Recent Discussions
Orange Saloon
Badges
Playlists
Quests
Create
Leaderboards
Showdown
Live 5
Trivia Bingo
Activity
Puzzle Library
Sporcle Events
Private Events
Virtual Trivia
Globe League
Become a Host
Pub Owners
SporcleCon
Opinionation
Our Games
Videos
Blog
Mobile Apps
Partnerships
Remove Ads and Go Orange
Feedback
Sports
Athletes
MLB
NBA
NHL
NFL
Soccer
Sports Teams
WWE
NCAA
Football
Premier League
Basketball
Baseball
Hockey
Golf
Tennis
Cricket
Rugby
Auto Racing
Olympics
World Cup
Sports
Athletes
MLB
NBA
NHL
NFL
Soccer
Sports Teams
WWE
NCAA
Football
Premier League
Basketball
Baseball
Hockey
Golf
Tennis
Cricket
Rugby
Auto Racing
Olympics
World Cup
Random Quiz
Search Sporcle
×
Quiz Lab
Quiz Lab
Sports
MLB
Type in answers that appear in a list
Type in answers that appear in a list
Classic
Best Score? Go Orange.
Current MLB Players by Picture Stats
Can you name the Current MLB Players by Picture?
By
William
4m
30 Questions
879 Plays
879 Plays
879 Plays
Comments
Comments
Give Quiz Kudos
Give Quiz Kudos
-
- Ratings
hide this ad
More Info
Replay
Link that replays current quiz
Next Quiz
Link to next quiz in quiz playlist
You Got
0%
They Got
Avg Score
52%
Avg Friend Score
Upgrade to see
Score Distribution
Jump to the score distribution portion of the page
Score
0/30
Timer
04:00
0
Plays Today
Team
Player
% Correct
New York Yankees
Nick Swisher
80.8%
Boston Red Sox
J.D. Drew
72.7%
Cincinnati Reds
Joey Votto
72.4%
Texas Rangers
Nelson Cruz
68.7%
Houston Astros
Michael Bourn
68.1%
Philadelphia Phillies
Jayson Werth
67.5%
Los Angeles Dodgers
James Loney
66.1%
San Francisco Giants
Edgar Renteria
64.3%
Kansas City Royals
Billy Butler
63.5%
Washington Nationals
Cristian Guzman
59.2%
San Diego Padres
Chris Young
56%
Arizona Diamondbacks
Mark Reynolds
55.4%
Toronto Blue Jays
Adam Lind
55.4%
Florida Marlins
Jorge Cantu
55.1%
Cleveland Indians
Jhonny Peralta
54.3%
Team
Player
% Correct
Chicago White Sox
Gordon Beckham
53.4%
Milwaukee Brewers
Yovani Gallardo
52.3%
Chicago Cubs
Ryan Theriot
52%
Oakland Athletics
Rajai Davis
50.2%
St. Louis Cardinals
Ryan Ludwick
49.5%
Seattle Mariners
Franklin Gutierrez
44.9%
Detroit Tigers
Joel Zumaya
41.8%
Minnesota Twins
Nick Punto
40.6%
Colorado Rockies
Clint Barmes
40%
Baltimore Orioles
Jeremy Guthrie
38%
Los Angeles Angels of Anaheim
Joe Saunders
37.2%
New York Mets
Daniel Murphy
34.2%
Atlanta Braves
Kelly Johnson
32.8%
Pittsburgh Pirates
Zach Duke
30.5%
Tampa Bay Rays
J.P. Howell
25.3%
Quiz Playlist
Details
Report
Send in Message
Add To Playlist
More Info:
[IMG]http://i6.photobucket.com/albums/y234/wamos001/Baseball.jpg[/IMG]
Classic:
Type in answers that appear in a list
" target="_blank">Quiz Source
Last Updated: Apr 26, 2018
Quiz Scoreboard
CHALLENGE
Sign Up to Join the Scoreboard
Show All
Scores
Hide
Comments
May contain spoilers
Recently Published
An Introduction to Baseball
by treessimontrees
Sports
5m
Movies - When Are They Set?
by FPL_Elf
Movies
5m
Popular People in 1961
by mucciniale
History
6m
More to Explore
Quiz From the Vault
Featured Blog Post
Where Did the Easter Bunny Come From?
hide this ad
You Might Also Like...
Tags
Baseball Quiz
MLB Quiz
Image Quiz
Player
team
Today's Top Quizzes in Sports
Browse Sports
hide this ad
Today's Top Quizzes in MLB
Browse MLB
Top Contributed Quizzes in Sports
1
Les meilleurs buteurs des matchs entre le PSG et l’OM
2
2022 World Cup Stars
3
FIFA Club World Cup Champions
4
Les entraîneurs de l'OM et du PSG au 21e siècle
5
Name the Premier League winners with different clubs
6
La finale Lions - Afrique du Sud 2021
7
England Test cricketers to play under Nasser Hussain
8
5-to-1: UK Sports Teams
9
Les joueurs passés par le LOSC et le RC Lens
10
Criteria MLB: Left Handed Sluggers
Explore More
Trending Topics
Harry Potter
Crossword
Disney
Anime
Marvel
Kpop
NBA
Country
WWE
Puzzle
The Office
Pokémon
NFL
Soccer
Song
hide this ad
More By:
William
Quiz
Plays
Rating
Category
Featured
Created
Opening Day Lineups: Rangers
83,875
4.38
Sports
Oct 14, 2009
NBA players with 2040+ points in a season
5,084
4.48
Sports
May 29, 2010
Dallas Mavericks 1st Gm Starters '86-'08
1,835
4.44
Sports
Oct 14, 2009
NBA Players by Their Initials
1,331
5.00
Sports
Feb 25, 2012
NFL All-Decade Teams- 1950's thru 1980's
1,067
3.71
Sports
Mar 16, 2010
Go to Creator's Profile
Score Distribution
Quiz Creator Spotlight
William
Follow
Send a Message
Quizzes Created
-
Created Quiz Play Count
-
More By This Creator
Popular Quizzes Today
1
Find the Countries of Europe - No Outlines Minefield
2
Find the US States - No Outlines Minefield
3
The Countries of the World
4
Popular People in 1961
5
Find the US States
6
US States
7
1-10 Letter E Words III
8
Risky Map Clicking: Biggest States A-Z
More Sports Quizzes
MLB 25/25 Batters since 1969
Curator's Pick
Trending Quizzes
Risky Map Clicking: Least Populous States A-Z
1-10 Letter F Words
1-10 Letter G Words
One Thing in Common: United Kingdom
Risky Map Clicking: Next State Alphabetically
Recently Updated
Leaping Animals
pecheneg
Reality TV Shows (A-Z)
bhenderson79
Rickey Henderson's Hall of Fame Teammates
pecheneg
Champions League XIs: Arsenal
pecheneg
Quick Pick: Celebrities in WWE's Hall of Fame
aduchscher
A-Z Keypad Blitz II
pecheneg
Multiple Oscar Actors
pecheneg
Mystery Phrase Blitz: Oscar 'Best Actors'
pecheneg
F. Scott Fitzgerald Novels
LTH
Pick 3 Villains
ddd62291
Trending Topics
Disney
Harry Potter
Crossword
Anime
NBA
Marvel
Kpop
NFL
Song
The Office
Soccer
Pokémon
Country
Puzzle
WWE
Your Account Isn't Verified!
In order to create a playlist on Sporcle, you need to verify the email address you used during registration. Go to your
Sporcle Settings
to finish the process.
Report this User
Report this user for behavior that violates our
Community Guidelines
.
Details:
Send Report
Go to the Sporcle.com Mobile Site →
Comments